00429nam a22001337a 4500003000400000082001900004100002600023245002600049260006900075300000800144942001200152952011400164999001700278SGT a891.4309bL82R aरविंद्र a लाल कमल  b श्री अरविन्द सोसाइटी c1982 a380 2ddccBK 00102ddc4071aCLbCLcREFd2025-02-10iSGTUl0o891.4309 L82RpCH2328r2025-02-10 00:00:00w2025-02-10yBK c29770d29770